| 000 | 01739nam0a22003491 4500 | ||
|---|---|---|---|
| 001 | rc\3819986 | ||
| 005 | 20120410181945.8 | ||
| 021 |
_aRU _b[75-28761] |
||
| 035 | _a(NLR Aleph) 007277629 | ||
| 090 |
_a5475738 _c5475738 |
||
| 100 | _a20120410d1975 |||y0rusy50 ca | ||
| 101 | 0 | _arus | |
| 102 |
_aRU _aRU |
||
| 105 | _aab z ||||| | ||
| 200 | 1 |
_aФизические свойства осадочного чехла Восточно-Европейской платформы _fПод общ. ред. Н.В. Подобы и М.Л. Озерской _gМ-во геологии СССР. Всесоюз. науч.-исслед. ин-т геофиз. методов разведки "ВНИИгеофизика" |
|
| 210 |
_aМосква _cНедра _d1975 |
||
| 215 |
_a279 с., 5 отд. л. карт. _cчерт., карт. _d25 |
||
| 300 | _aВ содерж. авт.: Г.М. Авчан, А.И. Новикова, В.М. Новоселицкий и др. | ||
| 320 | _aСписок лит.: с. 276-278 (55 назв.) | ||
| 606 |
_aГорные породы, осадочные _xФизико-механические свойства _yРусская платформа _2psbo |
||
| 701 | 1 |
_aНовикова _bА. И. |
|
| 701 | 1 |
_aНовоселицкий _bВ. М. |
|
| 701 | 1 |
_6z01790 _aАвчан _bГ. М. _gГенрих Месропович |
|
| 702 | 1 |
_aОзерская _bМ. Л. _4340 |
|
| 702 | 1 |
_aПодоба _bН. В. _4340 |
|
| 712 | 0 | 2 |
_aВНИИ геофизических методов разведки _3RU\NLR\AUTH\8810005076 |
| 790 | 1 |
_6z01701 _aАвчян _bГ. М. _gГенрих Месропович |
|
| 801 | 0 |
_aRU _bNLR _gpsbo |
|
| 801 | 1 |
_aRU _bELAR _2rusmarc |
|
| 852 |
_aNLR _j75-7/245 |
||
| 942 | _cBOOK | ||
| 980 | _aNB | ||